| 000 | 00428nam a2200145Ia 4500 | ||
|---|---|---|---|
| 999 |
_c522877 _d522877 |
||
| 005 | 20190129113444.0 | ||
| 008 | 190125s9999 xx 000 0 und d | ||
| 040 | _cDLC | ||
| 082 |
_a720.28 _bLAG |
||
| 100 |
_aJames A. Lagro _913184 |
||
| 245 | _aSite Analysis a Contextual Approach to Sustainable Land Planning and Site Design / | ||
| 260 |
_bJohn Wiley & Sons _aNew York _c2008 |
||
| 300 | _axii, 371 p. : | ||
| 942 |
_2ddc _cBK |
||